| 000 | 00567nam a2200193 i 4500 | ||
|---|---|---|---|
| 001 | 112831 | ||
| 003 | ES-MaACL | ||
| 005 | 20250716025357.0 | ||
| 007 | t| | ||
| 008 | 061121s1942 ag r ||||1| spa d | ||
| 100 | 1 |
_aNoyes, Alfred. _986106 |
|
| 245 | 1 | 0 |
_aVoltaire / _cAlfred Noyes; traducción de Pedro Lecuona. |
| 260 |
_aBuenos Aires : _bEd. Sudamericana, _c1942. |
||
| 300 |
_a661 p. ; _c22 cm. |
||
| 600 | 0 | 4 |
_aVoltaire, _d1694-1778 _9115721 |
| 700 | 1 |
_aLecuona, Pedro. _971125 |
|
| 852 |
_aES-MaACL _jF-16299 _bR.21823 |
||
| 999 |
_c112831 _d112831 |
||